BIBLIOTHÈQUE DE LA MAISON DU MEXIQUE

Logo 1 Logo 2

Una experiencia personal (notice nᵒ 1445)

détails MARC
000 -Sello discográfico
campo de control de longitud fija 00891nam a2200289 4500
005 - Identificación de versión
campo de control 20251016082953.0
010 ## - Número Estándar Internacional de Libros (ISBN)
Número (ISBN) 968-837-547-0
035 ## - Otros números de control del sistema
Número de control del sistema 19220
099 ## - fechas locales
Tipo de ítem Koha LIBRO
100 ## - Datos de procesamiento general
Datos de procesamiento general 19970408d1987 m y1spay5003 ba
105 ## - Campo de datos codificados: Material textual, monográfico
Datos codificados de monografía a 001zy
200 1# - Título y mención de responsabilidad
Título propio Una experiencia personal
Designación general del material texto impreso
Otra información del título la escultura y otros menesteres : escritos y dibujos para un arte mayor
Primer mención de responsabilidad Federico Silva
205 ## - Declaración de edición
Declaración de edición 1a ed
210 ## - Publicación, distribución, etc.
Lugar de publicación, distribución, etc. México
Nombre del editor, distribuidor, etc. Universidad Nacional Autónoma de México, Coordinación de Humanidades
Fecha de publicación, distribución, etc. 1987
215 ## - Descripción física
Designación de material específico y extensión del ítem 321 p
Otras características físicas il., fot.
Dimensiones 21 cm
345 ## - Nota de información de adquisición
Fuente de adquisición/dirección de la suscripción [OBSOLETO] Donación de la UNAM
606 ## - Término temático usado como materia
Elemento de entrada Escultura
Número Koha 3713
660 ## - Código de área geográfica
Código MX
700 ## - Nombre personal - Responsabilidad primaria
Elemento de entrada Silva
Parte del nombre distinta del elemento de entrada Federico
Fechas 1923-2022
Número Koha 3714
801 #0 - Fuente de origen
Agencia cm
900 ## -
-- 1/13577
900 ## -
-- 710973052\\080497
942 ## - ELEMENTOS DE ENTRADA SECUNDARIOS (KOHA)
Tipo de ítem Koha Livre
996 ## -
-- MEX
-- 751145101
-- MMAG
-- 007365
-- 730 S586E
-- 20230206LIV
Exemplaires
Estatus retirado Estado de daño Estado de pérdida Fecha de adquisición Biblioteca de origen Biblioteca actual Ubicación en estantería Código de barras Precio de reemplazo Signatura topográfica completa No para préstamo Tipo de ítem Koha Nota pública Nota no pública
      05/08/2025 Casa México Paris Casa México Paris   007365 05/08/2025 730 S586E   Livre 20230206LIV 751145101